|
|
|
|
| LEADER |
02683nam a2200745 a 4500 |
| 001 |
nkc20122432157 |
| 003 |
CZ PrNK |
| 005 |
20250729090851.0 |
| 007 |
ta |
| 008 |
121218s2012 xr ac e 000 0 cze |
| 015 |
|
|
|a cnb002432157
|
| 020 |
|
|
|a 978-80-260-3700-2
|q (v knize neuvedeno ;
|q brož.) :
|c neprodejné
|
| 035 |
|
|
|a (OCoLC)827262435
|
| 040 |
|
|
|a ABA001
|b cze
|d OLA001
|
| 043 |
|
|
|a e-xr---
|
| 045 |
|
|
|a x4x4
|a y0y1
|
| 072 |
|
7 |
|a 323
|x Vnitropolitický vývoj, politický život
|2 Konspekt
|9 15
|
| 080 |
|
|
|a 616.89-051
|2 MRF
|
| 080 |
|
|
|a (=411.16)
|2 MRF
|
| 080 |
|
|
|a 316.64
|2 MRF
|
| 080 |
|
|
|a 323.12"1939/1945"
|2 MRF
|
| 080 |
|
|
|a 329.17-022.344
|2 MRF
|
| 080 |
|
|
|a 329.055.1
|2 MRF
|
| 080 |
|
|
|a 316.64(=411.16)-021.485
|2 MRF
|
| 080 |
|
|
|a (437.3)
|2 MRF
|
| 080 |
|
|
|a (0:82-94)
|2 MRF
|
| 080 |
|
|
|a (044)
|2 MRF
|
| 080 |
|
|
|a (042.5)
|2 MRF
|
| 080 |
|
|
|a (0:82-9)
|2 MRF
|
| 100 |
1 |
|
|a Riesel, Petr,
|d 1933-
|7 xx0074312
|4 aut
|
| 245 |
1 |
0 |
|a Protestuji! /
|c Petr Riesel
|
| 260 |
|
|
|a Plzeň :
|b Petr Riesel,
|c 2012
|
| 300 |
|
|
|a 59 s. :
|b il. (některé barev.), portréty ;
|c 21 cm
|
| 500 |
|
|
|a 200 výt.
|
| 600 |
1 |
7 |
|a Riesel, Petr,
|d 1933-
|7 xx0074312
|2 czenas
|
| 648 |
|
7 |
|a 20.-21. století
|7 ch462155
|2 czenas
|
| 648 |
|
7 |
|a 2001-2010
|7 ch460588
|2 czenas
|
| 648 |
|
7 |
|a 1939-1945
|7 ch460653
|2 czenas
|
| 650 |
0 |
7 |
|a psychiatři
|7 ph124779
|z Česko
|y 20.-21. století
|2 czenas
|
| 650 |
0 |
7 |
|a Židé
|7 ph127782
|z Česko
|y 20.-21. století
|2 czenas
|
| 650 |
0 |
7 |
|a názory a postoje
|7 ph137634
|2 czenas
|
| 650 |
0 |
7 |
|a holocaust (1939-1945)
|7 ph117203
|2 czenas
|
| 650 |
0 |
7 |
|a neonacismus
|7 ph123234
|z Česko
|2 czenas
|
| 650 |
0 |
7 |
|a pravicový extremismus
|7 ph115878
|z Česko
|y 2001-2010
|2 czenas
|
| 650 |
0 |
7 |
|a antisemitismus
|7 ph118516
|z Česko
|y 20.-21. století
|2 czenas
|
| 650 |
0 |
9 |
|a psychiatrists
|z Czechia
|y 20th-21st centuries
|2 eczenas
|
| 650 |
0 |
9 |
|a Jews
|z Czechia
|y 20th-21st centuries
|2 eczenas
|
| 650 |
0 |
9 |
|a views and attitudes
|2 eczenas
|
| 650 |
0 |
9 |
|a holocaust, 1939-1945
|2 eczenas
|
| 650 |
0 |
9 |
|a neo-nazism
|z Czechia
|2 eczenas
|
| 650 |
0 |
9 |
|a right-wing extremism
|z Czechia
|y 2001-2010
|2 eczenas
|
| 650 |
0 |
9 |
|a antisemitism
|z Czechia
|y 20th-21st centuries
|2 eczenas
|
| 655 |
|
7 |
|a vzpomínky
|7 fd133830
|2 czenas
|
| 655 |
|
7 |
|a dopisy
|7 fd185178
|2 czenas
|
| 655 |
|
7 |
|a projevy
|7 fd133137
|2 czenas
|
| 655 |
|
7 |
|a texty
|7 fd133699
|2 czenas
|
| 655 |
|
9 |
|a reminiscences
|2 eczenas
|
| 655 |
|
9 |
|a letters
|2 eczenas
|
| 655 |
|
9 |
|a speeches
|2 eczenas
|
| 655 |
|
9 |
|a texts
|2 eczenas
|
| 910 |
|
|
|a BOA001
|b 2-1298.094
|b KPB-0000.395
|
| 990 |
|
|
|a BK
|
| 995 |
|
|
|a 01
|
| 991 |
|
|
|b 201301
|c NOV
|e n
|
| 996 |
6 |
|
|b 2610531909
|c 2-1298.094
|l MZK
|r Sklad / do 1 hodiny
|n 0
|p p.v.
|w 001307251
|u 000010
|a 1
|e BOA001
|j MZK50
|s P
|